LDR 01576naa#a2200193#i#450# 001 RU\\bibl\122476 005 20260430183930.4 011 ## _a2304-0130 100 ## _a20260410b2026####ek#y0rusy0150####ca 102 ## _aRU 200 1# _aУСТАНОВЛЕНИЕ ФАКТА ПРИМЕНЕНИЯ ПРОМЫШЛЕННО ИЗГОТОВЛЕННЫХ ОГНЕПРОВОДНЫХ ШНУРОВ В СОСТАВЕ САМОДЕЛЬНЫХ ЗАЖИГАТЕЛЬНЫХ УСТРОЙСТВ _eЖурнальная статья 210 1# _aСанкт-Петербург _cСанкт-Петербургский университет Государственной противопожарной службы Министерства Российской Федерации по делам гражданской обороны, чрезвычайным ситуациям и ликвидации последствий стихийных бедствий имени Героя Российской Федерации генерала армии Е.Н. Зиничева _d2026 215 ## _a6 с. 608 ## _aЖурнальная статья _2local 675 ## _aСудебно-физическое расследование. Подразделять с помощью :53 , например,. 343.983.3 _aСудебно-химическое расследование. 343.983.4 _z 700 #1 _aИвахнюк _gСергей Григорьевич 700 #1 _aСкуковский _gАнатолий Геннадьевич 700 #1 _aКоровкин _gДмитрий Сергеевич 856 4# _ajournals.igps.ru _u